[Event "SVK-chT1W 1516"]
[Site "Slovakia"]
[Date "2016.02.21"]
[Round "9.5"]
[White "Detko, Jan"]
[Black "Sosovicka, Juraj"]
[Result "1/2-1/2"]
[WhiteElo "2139"]
[BlackElo "2210"]
[PlyCount "36"]
[EventDate "2015.10.24"]
[EventType "team-tourn"]
[EventRounds "11"]
[EventCountry "SVK"]
[SourceTitle "EXT 2017"]
[Source "ChessBase"]
[SourceDate "2016.10.25"]
[SourceVersion "1"]
[SourceVersionDate "2016.10.25"]
[SourceQuality "1"]
[WhiteTeam "Prievidza"]
[BlackTeam "Bratislava Slovan III"]
[WhiteTeamCountry "SVK"]
[BlackTeamCountry "SVK"]

1. e4 e5 2. Nc3 Nf6 3. Bc4 Nc6 4. d3 Na5 5. Nge2 Nxc4 6. dxc4 Bc5 7. h3 d6 8. Qd3 Be6 9. b3 c6 10. Be3 Qc7 11. Bxc5 dxc5 12. 0-0-0 0-0 13. Qd6 Qxd6 14. Rxd6 Rfd8 15. Rhd1 Rxd6 16. Rxd6 Kf8 17. a4 Ke7 18. Rd1 Rd8 1/2-1/2

[Event "SVK-chT1W 1516"]
[Site "Slovakia"]
[Date "2016.02.20"]
[Round "8.3"]
[White "Sosovicka, Juraj"]
[Black "Farkas, Gabor"]
[Result "0-1"]
[WhiteElo "2210"]
[BlackElo "2348"]
[PlyCount "88"]
[EventDate "2015.10.24"]
[EventType "team-tourn"]
[EventRounds "11"]
[EventCountry "SVK"]
[SourceTitle "EXT 2017"]
[Source "ChessBase"]
[SourceDate "2016.10.25"]
[SourceVersion "1"]
[SourceVersionDate "2016.10.25"]
[SourceQuality "1"]
[WhiteTeam "Bratislava Slovan III"]
[BlackTeam "Gabcikovo"]
[WhiteTeamCountry "SVK"]
[BlackTeamCountry "SVK"]

1. b3 e5 2. Bb2 Nc6 3. e3 Nf6 4. Bb5 d6 5. d4 exd4 6. Qxd4 Bd7 7. Bxc6 Bxc6 8. Nf3 Be7 9. Nc3 Qd7 10. 0-0-0 Qg4 11. Qxg4 Nxg4 12. Rd2 0-0-0 13. Nd4 Bd7 14. Nd5 Bf8 15. h3 Ne5 16. e4 Re8 17. Re1 f5 18. Rde2 c6 19. Nf4 g6 20. Nd3 fxe4 21. Rxe4 Bh6+ 22. Kb1 Nxd3 23. Rxe8+ Rxe8 24. Rxe8+ Bxe8 25. cxd3 c5 26. Ne2 Bc6 27. f3 Kd7 28. Bc1 Bf8 29. Kc2 b5 30. Nc3 d5 31. a4 b4 32. Nd1 a5 33. Ne3 Ke6 34. Bb2 Be7 35. d4 c4 36. bxc4 dxc4 37. Nxc4 Bxa4+ 38. Kd2 Bg5+ 39. Ke1 Bc6 40. Ne5 Bb5 41. Kd1 a4 42. Bc1 Bxc1 43. Kxc1 Kd5 44. Ng4 Kxd4 0-1

[Event "SVK-chT2A 1516"]
[Site "Slovakia"]
[Date "2016.02.14"]
[Round "9.1"]
[White "Sosovicka, Juraj"]
[Black "Lanc, Alois"]
[Result "0-1"]
[WhiteElo "2174"]
[BlackElo "2318"]
[PlyCount "74"]
[EventDate "2015.10.17"]
[EventType "team-tourn"]
[EventRounds "11"]
[EventCountry "SVK"]
[SourceTitle "EXT 2017"]
[Source "ChessBase"]
[SourceDate "2016.10.25"]
[SourceVersion "1"]
[SourceVersionDate "2016.10.25"]
[SourceQuality "1"]
[WhiteTeam "Devinska Nova Ves II"]
[BlackTeam "Trnava Modranka"]
[WhiteTeamCountry "SVK"]
[BlackTeamCountry "SVK"]

1. b3 e5 2. Bb2 d6 3. d4 e4 4. d5 Nf6 5. e3 g6 6. c4 Bg7 7. Nc3 0-0 8. Nge2 a5 9. Nd4 Na6 10. a3 Bd7 11. Be2 Qe7 12. 0-0 h5 13. Nc2 Nc5 14. Nd4 Bg4 15. h3 Bxe2 16. Ncxe2 Nd3 17. Bc3 Bh6 18. Nc1 Ne5 19. Qe2 Nfd7 20. Nb5 c6 21. dxc6 bxc6 22. Nd4 a4 23. b4 Bg7 24. Na2 Nb6 25. c5 dxc5 26. bxc5 Nd5 27. Bb4 Nd3 28. Nxc6 Qg5 29. Nd4 Rae8 30. g3 Bxd4 31. exd4 N3f4 32. Qe1 e3 33. h4 Qg4 34. f3 Qh3 35. gxf4 Nxf4 36. Rf2 exf2+ 37. Qxf2 Ne2+ 0-1

[Event "SVK-chT2A 1516"]
[Site "Slovakia"]
[Date "2015.12.06"]
[Round "6.1"]
[White "Janos, Martin"]
[Black "Sosovicka, Juraj"]
[Result "1/2-1/2"]
[WhiteElo "2248"]
[BlackElo "2174"]
[PlyCount "73"]
[EventDate "2015.10.17"]
[EventType "team-tourn"]
[EventRounds "11"]
[EventCountry "SVK"]
[SourceTitle "CBM 169 Extra"]
[Source "ChessBase"]
[SourceDate "2015.12.18"]
[SourceVersion "1"]
[SourceVersionDate "2015.12.18"]
[SourceQuality "1"]
[WhiteTeam "Bratislava DP"]
[BlackTeam "Devinska Nova Ves II"]
[WhiteTeamCountry "SVK"]
[BlackTeamCountry "SVK"]

1. e4 e5 2. d4 exd4 3. Nf3 Nc6 4. Nxd4 Nf6 5. Nxc6 bxc6 6. Bd3 d5 7. e5 Nd7 8. Bf4 Nc5 9. Be2 Be7 10. 0-0 0-0 11. Nd2 Bf5 12. Nb3 Ne6 13. Bg3 Qd7 14. c4 Rfd8 15. Rc1 a5 16. Bg4 Bxg4 17. Qxg4 a4 18. Nd2 Rab8 19. cxd5 cxd5 20. b3 Rb4 21. Qd1 Bg5 22. Rc2 Nd4 23. Rc3 Bxd2 24. Qxd2 axb3 25. axb3 Nxb3 26. Qd1 Rdb8 27. e6 Qxe6 28. Bxc7 Rc8 29. Be5 d4 30. Rxc8+ Qxc8 31. Qd3 f6 32. Bd6 Rb6 33. Ba3 Qe6 34. g3 Ra6 35. Bb4 h6 36. Re1 Ra1 37. Rxa1 1/2-1/2